[Event "SLO-chT Central 23rd"]
[Site "Slovenia"]
[Date "2022.10.27"]
[Round "6.3"]
[White "Strajhar, Albin"]
[Black "Vertacnik, Viktor"]
[Result "1-0"]
[WhiteElo "1815"]
[BlackElo "1600"]
[PlyCount "47"]
[EventDate "2022.09.15"]
[EventType "team-swiss"]
[EventRounds "9"]
[EventCountry "SLO"]
[SourceTitle "EXT 2024"]
[Source "ChessBase"]
[SourceDate "2023.10.10"]
[SourceVersion "1"]
[SourceVersionDate "2023.10.10"]
[SourceQuality "1"]
[WhiteTeam "Menges Trzin II"]
[BlackTeam "Ljubljana Karel Jeraj"]
[WhiteTeamCountry "SLO"]
[BlackTeamCountry "SLO"]

1. e4 e5 2. Bc4 Nc6 3. Nc3 Bc5 4. d3 d6 5. Nf3 Bg4 6. h3 Bh5 7. g4 Bg6 8. Be3 Bb6 9. h4 h6 10. Qe2 Nf6 11. h5 Bh7 12. g5 Ng4 13. Bxb6 axb6 14. Rg1 Qd7 15. Nd5 Ne7 16. Nxe7 Qxe7 17. Rxg4 Qd7 18. Rg3 b5 19. Bb3 Bg8 20. 0-0-0 f5 21. Bxg8 f4 22. Rgg1 Rxg8 23. gxh6 gxh6 24. Rxg8+ 1-0

[Event "SLO-chT Central 22nd"]
[Site "Slovenia"]
[Date "2021.09.30"]
[Round "3.4"]
[White "Vertacnik, Viktor"]
[Black "Grasic, Marjan"]
[Result "0-1"]
[WhiteElo "1607"]
[BlackElo "1700"]
[PlyCount "124"]
[EventDate "2021.09.16"]
[EventType "team-tourn"]
[EventRounds "7"]
[EventCountry "SLO"]
[SourceTitle "EXT 2024"]
[Source "ChessBase"]
[SourceDate "2023.10.10"]
[SourceVersion "1"]
[SourceVersionDate "2023.10.10"]
[SourceQuality "1"]
[WhiteTeam "Ljubljana Karel Jeraj"]
[BlackTeam "Menges Trzin"]
[WhiteTeamCountry "SLO"]
[BlackTeamCountry "SLO"]

1. e4 e6 2. d4 d5 3. e5 c5 4. c3 Nc6 5. Nf3 Qb6 6. a3 cxd4 7. cxd4 Nge7 8. Bd3 Bd7 9. Bc2 g6 10. 0-0 Bg7 11. Nc3 Na5 12. Na4 Bxa4 13. Bxa4+ Nac6 14. b4 0-0 15. Re1 Nf5 16. Bb2 Rfc8 17. Rb1 Rc7 18. g4 Nfe7 19. Qd2 Kh8 20. Bc2 Rac8 21. Bd3 Ng8 22. Rec1 Bh6 23. g5 Bg7 24. Rc5 a6 25. h4 Bf8 26. Rcc1 h5 27. Qe2 Na7 28. Rxc7 Rxc7 29. Rc1 Rxc1+ 30. Bxc1 Qc7 31. Qd2 b5 32. Qc2 Qxc2 33. Bxc2 Ne7 34. Nd2 Nec6 35. Nb3 Be7 36. Kf1 Kg8 37. Ke2 Kf8 38. Kd3 Ke8 39. Nc5 Bxc5 40. bxc5 Na5 41. Kc3 Kd7 42. Bd3 Nc4 43. Bxc4 dxc4 44. Kb4 Nc6+ 45. Kc3 Na5 46. Kb4 Nb3 47. Be3 Kc6 48. a4 Na1 49. axb5+ axb5 50. Kc3 Nb3 51. Kb4 Na1 52. Kc3 Kb7 53. Kb2 Nb3 54. Kc3 Ka6 55. Kb4 Na1 56. Kc3 Nb3 57. Kb4 Na5 58. f4 Nc6+ 59. Kc3 Ka5 60. Bc1 Ka4 61. Bb2 Na5 62. Bc1 b4+ 0-1

[Event "SLO-chT3 West"]
[Site "Komenda"]
[Date "2019.12.08"]
[Round "4.2"]
[White "Jese, Janez"]
[Black "Vertacnik, Viktor"]
[Result "1-0"]
[WhiteElo "1726"]
[BlackElo "1605"]
[PlyCount "39"]
[EventDate "2019.12.06"]
[EventType "team-swiss"]
[EventRounds "5"]
[EventCountry "SLO"]
[SourceTitle "EXT 2024"]
[Source "ChessBase"]
[SourceDate "2023.10.10"]
[SourceVersion "1"]
[SourceVersionDate "2023.10.10"]
[SourceQuality "1"]
[WhiteTeam "Visnja Gora Sticna"]
[BlackTeam "Ljubljana Karel Jeraj"]
[WhiteTeamCountry "SLO"]
[BlackTeamCountry "SLO"]

1. e4 e5 2. Bc4 Bc5 3. d4 exd4 4. Bxf7+ Kf8 5. Bb3 d6 6. Nf3 Nc6 7. h3 Nf6 8. Bg5 h6 9. Bxf6 Qxf6 10. c3 Qg6 11. Qe2 d3 12. Qxd3 Qxg2 13. Rh2 Qg6 14. Nbd2 Be6 15. 0-0-0 Ke7 16. Rg1 Qf6 17. Bxe6 Kxe6 18. Rhg2 g5 19. h4 Rhf8 20. hxg5 1-0

[Event "SLO-chT3 West"]
[Site "Komenda"]
[Date "2019.12.07"]
[Round "2.2"]
[White "Vertacnik, Viktor"]
[Black "Bavec, Vinko"]
[Result "1/2-1/2"]
[WhiteElo "1605"]
[BlackElo "1547"]
[PlyCount "44"]
[EventDate "2019.12.06"]
[EventType "team-swiss"]
[EventRounds "5"]
[EventCountry "SLO"]
[SourceTitle "EXT 2024"]
[Source "ChessBase"]
[SourceDate "2023.10.10"]
[SourceVersion "1"]
[SourceVersionDate "2023.10.10"]
[SourceQuality "1"]
[WhiteTeam "Ljubljana Karel Jeraj"]
[BlackTeam "Loska Dolina II"]
[WhiteTeamCountry "SLO"]
[BlackTeamCountry "SLO"]

1. e4 c5 2. c3 Nc6 3. Nf3 e6 4. d4 cxd4 5. cxd4 d6 6. Nc3 a6 7. a3 Nge7 8. Bd3 g6 9. 0-0 Bg7 10. Be3 0-0 11. Qd2 d5 12. e5 Re8 13. Rac1 b5 14. Ne2 Bb7 15. b4 Rc8 16. Ng3 Nf5 17. Nxf5 exf5 18. Bh6 Ne7 19. Qg5 Nc6 20. Qd2 Ne7 21. Qg5 Nc6 22. Qd2 Ne7 1/2-1/2

[Event "SLO-chT Central 1st League 20th"]
[Site "Slovenia"]
[Date "2019.10.17"]
[Round "6.3"]
[White "Konvalinka, Kostja"]
[Black "Vertacnik, Viktor"]
[Result "1-0"]
[WhiteElo "1702"]
[BlackElo "1619"]
[PlyCount "51"]
[EventDate "2019.09.12"]
[EventType "team-tourn"]
[EventRounds "9"]
[EventCountry "SLO"]
[SourceTitle "EXT 2024"]
[Source "ChessBase"]
[SourceDate "2023.10.10"]
[SourceVersion "1"]
[SourceVersionDate "2023.10.10"]
[SourceQuality "1"]
[WhiteTeam "Trzin Pekos Pub"]
[BlackTeam "Ljubljana Karel Jeraj"]
[WhiteTeamCountry "SLO"]
[BlackTeamCountry "SLO"]

1. e4 e5 2. Nf3 Nc6 3. Bc4 Bc5 4. c3 Nf6 5. d4 exd4 6. cxd4 Bb4+ 7. Nc3 Nxe4 8. 0-0 Bxc3 9. d5 Bb4 10. dxc6 dxc6 11. Bxf7+ Kxf7 12. Qb3+ Qd5 13. Qxb4 h6 14. Re1 Nf6 15. Ne5+ Kg8 16. Ng6 c5 17. Qf4 Qd6 18. Nxh8 Kxh8 19. Qe5 Bg4 20. Bf4 Rd8 21. Qe7 Qxe7 22. Rxe7 Nd5 23. Re4 Bf5 24. Re5 Nxf4 25. Rxf5 Nd3 26. Rf7 1-0

[Event "SLO-chT Central 1st League 20th"]
[Site "Slovenia"]
[Date "2019.09.12"]
[Round "1.3"]
[White "Macek, Inti"]
[Black "Vertacnik, Viktor"]
[Result "0-1"]
[WhiteElo "1128"]
[BlackElo "1619"]
[PlyCount "76"]
[EventDate "2019.09.12"]
[EventType "team-tourn"]
[EventRounds "9"]
[EventCountry "SLO"]
[SourceTitle "EXT 2024"]
[Source "ChessBase"]
[SourceDate "2023.10.10"]
[SourceVersion "1"]
[SourceVersionDate "2023.10.10"]
[SourceQuality "1"]
[WhiteTeam "Komenda Pogi"]
[BlackTeam "Ljubljana Karel Jeraj"]
[WhiteTeamCountry "SLO"]
[BlackTeamCountry "SLO"]

1. d4 d5 2. c4 e6 3. Nc3 Nf6 4. Nf3 b6 5. Bg5 Be7 6. e3 Bb7 7. cxd5 exd5 8. Bd3 h6 9. Bxf6 Bxf6 10. 0-0 0-0 11. Rc1 Na6 12. a3 c5 13. b3 cxd4 14. exd4 Nc7 15. Bb1 Re8 16. Qc2 g6 17. Rfe1 Ne6 18. h3 Rc8 19. Ba2 Nxd4 20. Nxd4 Rxe1+ 21. Rxe1 Bxd4 22. Rd1 Rxc3 23. Qe2 Bg7 24. Qd2 Qc7 25. a4 Rc2 26. Qe3 Rxa2 27. Qe8+ Kh7 28. Re1 Qf4 29. Rf1 Ba6 30. Qe1 Bxf1 31. Qxf1 Bd4 32. Kh1 Rxf2 33. Qg1 Rf1 34. Qxf1 Qxf1+ 35. Kh2 Be5+ 36. g3 Qf2+ 37. Kh1 Bxg3 38. h4 Qh2# 0-1

[Event "SLO-chT Central 1st League 18th"]
[Site "Slovenia"]
[Date "2017.09.28"]
[Round "3.2"]
[White "Vertacnik, Viktor"]
[Black "Grasic, Marjan"]
[Result "1/2-1/2"]
[WhiteElo "1606"]
[BlackElo "1808"]
[PlyCount "94"]
[EventDate "2017.09.14"]
[EventType "team-swiss"]
[EventRounds "9"]
[EventCountry "SLO"]
[SourceTitle "EXT 2022"]
[Source "ChessBase"]
[SourceDate "2021.10.06"]
[SourceVersion "1"]
[SourceVersionDate "2021.10.06"]
[SourceQuality "1"]
[WhiteTeam "Ljubljana Karel Jeraj"]
[BlackTeam "Menges Trzin"]
[WhiteTeamCountry "SLO"]
[BlackTeamCountry "SLO"]

1. e4 e5 2. Nf3 Nc6 3. Bc4 Nf6 4. d3 Be7 5. c3 d6 6. Nbd2 0-0 7. 0-0 Na5 8. Bb5 a6 9. Ba4 b5 10. Bc2 c5 11. a3 Nc6 12. b4 Bg4 13. Re1 d5 14. h3 Bh5 15. Nf1 dxe4 16. dxe4 Qxd1 17. Bxd1 Rfd8 18. Ng3 Bxf3 19. Bxf3 Nd7 20. Be3 a5 21. Be2 c4 22. Red1 a4 23. Nf5 Nf8 24. Nxe7+ Nxe7 25. Bc5 Nc6 26. Bxf8 Kxf8 27. Rxd8+ Rxd8 28. Rd1 Ke7 29. Kf1 g6 30. Rxd8 Nxd8 31. Ke1 f5 32. exf5 gxf5 33. Kd2 Kf6 34. Ke3 Ne6 35. h4 h6 36. g3 Nc7 37. Bf3 Ke6 38. Bg2 Nd5+ 39. Bxd5+ Kxd5 40. f3 h5 41. f4 Ke6 42. fxe5 Kxe5 43. Kf3 Ke6 44. Kf4 Kf6 45. Kf3 Ke5 46. Ke3 Ke6 47. Kf3 Ke5 1/2-1/2

[Event "Ljubljana-chT 69th 1st League"]
[Site "Ljubljana"]
[Date "2016.04.07"]
[Round "9.4"]
[White "Bajo, Tin"]
[Black "Vertacnik, Viktor"]
[Result "1/2-1/2"]
[WhiteElo "1617"]
[BlackElo "1559"]
[PlyCount "59"]
[EventDate "2016.01.14"]
[EventType "team-tourn"]
[EventRounds "9"]
[EventCountry "SLO"]
[SourceTitle "EXT 2022"]
[Source "ChessBase"]
[SourceDate "2021.10.06"]
[SourceVersion "1"]
[SourceVersionDate "2021.10.06"]
[SourceQuality "1"]
[WhiteTeam "Ljubljana Karel Jeraj"]
[BlackTeam "Kocevje"]
[WhiteTeamCountry "SLO"]
[BlackTeamCountry "SLO"]

1. e4 e5 2. Nf3 Nc6 3. Bc4 Bc5 4. c3 Nf6 5. d4 exd4 6. cxd4 Bb4+ 7. Nc3 Nxe4 8. 0-0 Bxc3 9. d5 Ne7 10. bxc3 0-0 11. Re1 Nd6 12. Bd3 Nef5 13. Qc2 g6 14. c4 c5 15. Bf4 h5 16. Re5 b6 17. Rxf5 Nxf5 18. Bxf5 Qf6 19. Re1 Qxf5 20. Qxf5 gxf5 21. Bd6 Ba6 22. Bxf8 Kxf8 23. Nd2 d6 24. a4 Re8 25. Kf1 Bc8 26. Nb1 Rxe1+ 27. Kxe1 Bd7 28. Nc3 Ke7 29. f4 h4 30. h3 1/2-1/2

[Event "Ljubljana-chT 68th 1st League"]
[Site "Ljubljana"]
[Date "2015.01.22"]
[Round "3.4"]
[White "Vertacnik, Viktor"]
[Black "Leben, Dusan"]
[Result "0-1"]
[WhiteElo "1569"]
[BlackElo "1815"]
[PlyCount "76"]
[EventDate "2015.01.08"]
[EventType "team-tourn"]
[EventRounds "9"]
[EventCountry "SLO"]
[SourceTitle "EXT 2022"]
[Source "ChessBase"]
[SourceDate "2021.10.06"]
[SourceVersion "1"]
[SourceVersionDate "2021.10.06"]
[SourceQuality "1"]
[WhiteTeam "Ljubljana Karel Jeraj"]
[BlackTeam "Podpec SD"]
[WhiteTeamCountry "SLO"]
[BlackTeamCountry "SLO"]

1. e4 e5 2. Nf3 Nf6 3. Nxe5 Qe7 4. Nf3 Qxe4+ 5. Qe2 Qxe2+ 6. Bxe2 Be7 7. 0-0 0-0 8. d4 d5 9. Bd3 h6 10. Re1 Re8 11. Nbd2 Be6 12. Nf1 Nbd7 13. Bf4 c6 14. Ne5 Nh5 15. Bxh6 gxh6 16. Nxd7 Bxd7 17. Re5 Nf4 18. Rd1 Bf6 19. Rxe8+ Rxe8 20. c3 Nxd3 21. Rxd3 Re1 22. f3 c5 23. dxc5 Bb5 24. Kf2 Rxf1+ 25. Kxf1 Bxd3+ 26. Ke1 Bg5 27. Kd1 Be3 28. g3 f5 29. b4 h5 30. a4 a6 31. b5 axb5 32. c6 bxc6 33. a5 Kg7 34. a6 Kg6 35. Ke1 Kg5 36. h3 b4 37. h4+ Kf6 38. cxb4 Bxa6 0-1

[Event "Ljubljana-chT 68th 1st League"]
[Site "Ljubljana"]
[Date "2015.01.15"]
[Round "2.4"]
[White "Petkovic, Ana Marija"]
[Black "Vertacnik, Viktor"]
[Result "0-1"]
[WhiteElo "1305"]
[BlackElo "1569"]
[PlyCount "44"]
[EventDate "2015.01.08"]
[EventType "team-tourn"]
[EventRounds "9"]
[EventCountry "SLO"]
[SourceTitle "EXT 2022"]
[Source "ChessBase"]
[SourceDate "2021.10.06"]
[SourceVersion "1"]
[SourceVersionDate "2021.10.06"]
[SourceQuality "1"]
[WhiteTeam "Kocevje"]
[BlackTeam "Ljubljana Karel Jeraj"]
[WhiteTeamCountry "SLO"]
[BlackTeamCountry "SLO"]

1. e4 e5 2. Nf3 Nc6 3. Bc4 Bc5 4. c3 Nf6 5. d3 d6 6. Nbd2 0-0 7. 0-0 Be6 8. Bb3 Ne7 9. h3 Ng6 10. Re1 Qd7 11. Nf1 h6 12. Ng3 Bxh3 13. gxh3 Qxh3 14. d4 exd4 15. cxd4 Bb4 16. a3 Bxe1 17. Qxe1 Rae8 18. e5 dxe5 19. dxe5 Ng4 20. Qc3 Nh4 21. Nxh4 Qh2+ 22. Kf1 Qxf2# 0-1